| 000 | 01084nam a22002177a 4500 | ||
|---|---|---|---|
| 003 | OSt | ||
| 005 | 20170403082932.0 | ||
| 008 | 150409b2013 slv spa | ||
| 040 | _cCRI | ||
| 082 | _a001.4 | ||
| 100 |
_940981 _aAguilar Abarca, Wendy Yessenia |
||
| 245 | 1 | 0 |
_aHow do the memorization techniques used by teachers benefit intermediate english students from Universidad Católica de El Salvador, Centro Regional de Ilobasco? _b: Investigación _cWendy Yessenia Aguilar Abarca, Tania Damaris Flores Flores, Marlon Yovani Gámez Pocasangre |
| 260 |
_aIlobasco (Cabañas) _bUniversidad Católica de El Salvador _c2015 |
||
| 300 |
_a70 p. _c27.5 cm _e+ 1 disco compacto |
||
| 502 | _aTrabajo de Graduación para optar al título de Licenciado en Ciencias de la educación con especialidad en idioma inglés. | ||
| 650 | 0 |
_92258 _aInvestigación |
|
| 700 |
_940982 _aFlores Flores, Tania Damaris |
||
| 700 |
_940983 _aGámez Pocasangre, Marlon Yovani |
||
| 710 |
_940915 _aUniversidad Católica de El Salvador _bCentro Regional de Ilobasco |
||
| 942 |
_2ddc _cTG _hprozim |
||
| 999 |
_c27474 _d27474 |
||